A model to evaluate materials suppliers' and contractors' business interactions (Record no. 72792)

MARC details
000 -LEADER
fixed length control field 01054cam a2200253 4500
001 - CONTROL NUMBER
control field ABS66662
008 - FIXED-LENGTH DATA ELEMENTS--GENERAL INFORMATION
fixed length control field 030529n2003 000 0 eng u
035 ## - SYSTEM CONTROL NUMBER
System control number (Sirsi) u122468
100 ## - MAIN ENTRY--PERSONAL NAME
Personal name Nicholas, J.
245 #2 - TITLE STATEMENT
Title A model to evaluate materials suppliers' and contractors' business interactions
260 ## - PUBLICATION, DISTRIBUTION, ETC.
Date of publication, distribution, etc. 2003
490 ## - SERIES STATEMENT
Series statement Construction Management and Economics
Volume/sequential designation 21(3) May 2003, 237-245(9)
520 ## - SUMMARY, ETC.
Summary, etc. Presents the findings of a UK survey which aimed to model the utility value that material suppliers experience when they interact with contractors. Suggests that a more user-friendly software package could improve the relationship between suppliers and contractors in terms of financial dealings. Graphs, table, formulae and references.
590 ## - LOCAL NOTE (RLIN)
Local note ABS
650 ## - SUBJECT ADDED ENTRY--TOPICAL TERM
Topical term or geographic name entry element MATERIALS SUPPLIERS
650 ## - SUBJECT ADDED ENTRY--TOPICAL TERM
Topical term or geographic name entry element CREDIT
650 ## - SUBJECT ADDED ENTRY--TOPICAL TERM
Topical term or geographic name entry element DEBT
650 ## - SUBJECT ADDED ENTRY--TOPICAL TERM
Topical term or geographic name entry element BUILDING CONTRACTORS
650 ## - SUBJECT ADDED ENTRY--TOPICAL TERM
Topical term or geographic name entry element FINANCIAL MANAGEMENT
650 ## - SUBJECT ADDED ENTRY--TOPICAL TERM
Topical term or geographic name entry element BUSINESS RELATIONSHIPS
690 ## - LOCAL SUBJECT ADDED ENTRY--TOPICAL TERM (OCLC, RLIN)
Topical term or geographic name as entry element BUILDING AND CONSTRUCTION-MANAGEMENT
700 ## - ADDED ENTRY--PERSONAL NAME
Personal name Edwards, D.
942 ## - ADDED ENTRY ELEMENTS (KOHA)
Suppress in OPAC 0
Holdings
Withdrawn status Lost status Source of classification or shelving scheme Damaged status Not for loan Home library Current library Shelving location Date acquired Total Checkouts Full call number Barcode Date last seen Copy number Price effective from Koha item type
    Dewey Decimal Classification     London London Journal article 29/05/2003   ABS66662 122468-1001 06/08/2019 1 06/08/2019 Journal article